| 000 -CABECERA |
| campo de control de longitud fija |
01055cam a2200217u 4500 |
| 001 - NÚMERO DE CONTROL |
| campo de control |
9023237 |
| 003 - IDENTIFICADOR DEL NÚMERO DE CONTROL |
| campo de control |
OSt |
| 005 - FECHA Y HORA DE LA ÚLTIMA TRANSACCIÓN |
| campo de control |
20210531115601.0 |
| 008 - DATOS DE LONGITUD FIJA--INFORMACIÓN GENERAL |
| campo de control de longitud fija |
840302m19051906pe a 000 0 spa |
| 040 ## - FUENTE DE LA CATALOGACIÓN |
| Centro catalogador/agencia de origen |
CENDOC CAAAP |
| Centro/agencia transcriptor |
CAAAP |
| 050 00 - SIGNATURA TOPOGRÁFICA DE LA BIBLIOTECA DEL CONGRESO |
| Número de clasificación |
FP |
| Número de documento/Ítem |
376 P26 |
| 100 1# - ENTRADA PRINCIPAL--NOMBRE DE PERSONA |
| 9 (RLIN) |
3152 |
| Nombre de persona |
Pardo y Barreda, José |
| 245 13 - MENCIÓN DE TÍTULO |
| Título |
Documentos anexos al Alegato del Perú, presentados á S.M. el real árbitro / |
| Mención de responsabilidad, etc. |
José Pardo y Barreda. |
| 260 ## - PUBLICACIÓN, DISTRIBUCIÓN, ETC. |
| Lugar de publicación, distribución, etc. |
Madrid : |
| Nombre del editor, distribuidor, etc. |
Impr. de los Hijos de M.G. Hernández ; Barcelona :Impr. de Henrich y Cía, |
| Fecha de publicación, distribución, etc. |
1905-1906. |
| 300 ## - DESCRIPCIÓN FÍSICA |
| Extensión |
6 t. ; |
| Dimensiones |
26 cm. |
| 500 ## - NOTA GENERAL |
| Nota general |
Antes del título: Arbitraje de límites entre el Perú y el Ecuador. |
| 505 0# - NOTA DE CONTENIDO CON FORMATO |
| Nota de contenido con formato |
t.1. de número 1 al número 40 -- t.2 de número 41 al número 93 -- t.3. del número 58 al número 90 -- t.4 del número 91 al número 137 -- t.5. del número 138 al número 168 -- t.6 de número 169 al número 238 -- t.7. Apéndices del 1 al 15 |
| 650 #0 - PUNTO DE ACCESO ADICIONAL DE MATERIA--TÉRMINO DE MATERIA |
| 9 (RLIN) |
2730 |
| Término de materia o nombre geográfico como elemento de entrada |
Derecho canónico. |
| Subdivisión general |
Memorias e informes |
| 651 #0 - PUNTO DE ACCESO ADICIONAL DE MATERIA--NOMBRE GEOGRÁFICO |
| Nombre geográfico |
Perú |
| 9 (RLIN) |
2732 |
| Subdivisión general |
Relaciones exteriores |
| -- |
Límites |
| Subdivisión geográfica |
Ecuador |
| 942 ## - ELEMENTOS DE PUNTO DE ACCESO ADICIONAL (KOHA) |
| Fuente del sistema de clasificación o colocación |
|
| Tipo de ítem Koha |
Libros |